La zona muerta /

La historia sigue a Johnny Smith, un hombre que despierta de un coma de cinco años con la habilidad de ver el futuro y el pasado de las personas con solo tocarlas. Esta habilidad lo lleva a enfrentarse a un político corrupto y peligroso. La novela combina elementos de suspenso, terror y ciencia ficc...

Descripción completa

Guardado en:
Autor Principal: King, Stephen
Otros Autores: Goligorsky, Eduardo, trad.
Formato: Libro
Publicado: Buenos Aires : Debolsillo, 2022.
Series:Best Seller
Materias:
Etiquetas: Agregar Etiqueta
Sin Etiquetas, Sea el primero en etiquetar este registro!
LEADER 01360nam a22002895a 4500
001 CEM.cems010048
008 130507s2022##################000#0#####d
005 20241211095738.0
245 1 0 |a La zona muerta /  |c Stephen King ; traducido por Eduardo Goligorsky. 
260 |a Buenos Aires :  |b Debolsillo,  |c 2022. 
300 |a 456 p. 
490 1 |a Best Seller 
500 |a Título original: The Dead Zone. 
520 |a La historia sigue a Johnny Smith, un hombre que despierta de un coma de cinco años con la habilidad de ver el futuro y el pasado de las personas con solo tocarlas. Esta habilidad lo lleva a enfrentarse a un político corrupto y peligroso. La novela combina elementos de suspenso, terror y ciencia ficción, y explora temas como el destino, la moralidad y el poder de las decisiones individuales. Es una obra emblemática de King que ha sido adaptada al cine y la televisión. 
590 |a Reemplazo del 20561.99 que estaba en muy mal estado 
020 |a 9789877255218 
100 1 |a King, Stephen 
700 1 |a Goligorsky, Eduardo, trad. 
082 0 4 |a 813.5 
653 |a Literatura 
653 |a Literatura eeuu 
653 |a Literatura norteamericana 
653 |a Novelas 
653 |a Novelas norteamericanas 
653 |a Novelas de terror 
653 |a Novelas eeuu 
859 |a CEMS  |b BIB. CEMS - 11 de abril  |h 813.5  |i K587-4  |p 29671.24  |t Ej.1